00681nam a2200265Ia 450000500170000000800460001702000180006303700100008104000080009104000080009904000080010704100080011504100080012308400080013110000250013924500310016426000230019526000090021836500050022736500080023285600530024094200100029399900210030395200910032420260324114128.0008 260324s9999 xx 000 0 eng d a9781003299622 aEBOOK aCRL beng cCRL 2eng aeng qCRL aShijun Liao91149547 0aClean Numerical Simulation bTaylor and Francis c2023 a b180 uhttp://www.taylorfrancis.com/books/9781003299622 cEBOOK c1739553d1739553 00104070aCRLbCRLd2026-03-24l0pCL2021769r2026-03-24 11:41:28w2026-03-24yEBOOK